Guided Reading: Making It Work (Record no. 2406)

MARC details
000 -LEADER
fixed length control field 00393nam a22001457a 4500
003 - CONTROL NUMBER IDENTIFIER
control field OSt
005 - DATE AND TIME OF LATEST TRANSACTION
control field 20160727222546.0
008 - FIXED-LENGTH DATA ELEMENTS--GENERAL INFORMATION
fixed length control field 160713b xxu||||| |||| 00| 0 eng d
040 ## - CATALOGING SOURCE
Transcribing agency Guided Reading: Making It Work
100 ## - MAIN ENTRY--PERSONAL NAME
9 (RLIN) 2803
Personal name Schulman, M.B
245 ## - TITLE STATEMENT
Title Guided Reading: Making It Work
260 ## - PUBLICATION, DISTRIBUTION, ETC. (IMPRINT)
Place of publication, distribution, etc. N.Y
Name of publisher, distributor, etc. Scholastic
Date of publication, distribution, etc. 2000
300 ## - PHYSICAL DESCRIPTION
Extent Guided Reading: Making It Work
942 ## - ADDED ENTRY ELEMENTS (KOHA)
Source of classification or shelving scheme Dewey Decimal Classification
Koha item type BOOK
Holdings
Withdrawn status Lost status Source of classification or shelving scheme Damaged status Not for loan Home library Current library Shelving location Date acquired Total Checkouts Full call number Barcode Date last seen Price effective from Koha item type
    Dewey Decimal Classification     Good Samaritan School Library Good Samaritan School Library English 07/13/2016   SCH407 B-5 SCH4009 07/13/2016 07/13/2016 BOOK

Powered by Koha